header

Reshaping the graduate education of scientists and engineers (Record no. 33355)

MARC details
000 -LEADER
fixed length control field 01772nam a2200313 a 4500
245 10 - TITLE STATEMENT
Title Reshaping the graduate education of scientists and engineers
260 ## - PUBLICATION, DISTRIBUTION, ETC. (IMPRINT)
Place of publication Washington, D.C. :
Name of publisher National Academy Press,
Year of publication 1995.
300 ## - PHYSICAL DESCRIPTION
Number of Pages xii, 207 p. :
Other physical details ill.
500 ## - GENERAL NOTE
General note This report is available on the National Academy of Sciences' Internet host. It may be accessed via World Wide Web at http://www.nas.edu, via Gopher at gopher.nas.edu, or via FTP at ftp.nas.edu.
General note This project was supported by the National Science Founation, the U.S. Department of Energy, and the Kellogg Endowment Fund of the National Academy of Sciences and the Institute of Medicine.
650 #0 - SUBJECT ADDED ENTRY--TOPICAL TERM
Topical Term Science
Topical Term Engineering
856 40 - ELECTRONIC LOCATION AND ACCESS
Uniform Resource Identifier http://site.ebrary.com/lib/rucke/Doc?id=10071523

No items available.

© 2026 Rongo University
Contact us: librarian | system librarian | Rongo university